| 000 | 00455nam a22001697a 4500 | ||
|---|---|---|---|
| 003 | OSt | ||
| 005 | 20250507152017.0 | ||
| 008 | 250425b |||||||| |||| 00| 0 eng d | ||
| 020 | _a9781598573596 | ||
| 040 | _cRDA | ||
| 100 |
_aHougen,Martha C., _eAuthor _9753053 |
||
| 245 |
_aFundamentals of Literarcy Institution and Assessment _cBy Martha C.Hougen |
||
| 260 |
_aLondon _bBrookes |
||
| 300 | _axvii,298P | ||
| 650 | _2Literacy | ||
| 942 |
_2CC _cGB _n0 |
||
| 999 |
_c1309410 _d1309410 |
||